Tratados de lógica : el Organon /

Sparad:
Bibliografiska uppgifter
Huvudupphov: Aristóteles (autor)
Övriga upphov: Larroyo, Francisco (introducción, prefacio y notas) (introducción, prefacio y notas)
Materialtyp: Bok
Språk:spanska
Utgiven: México : Porrúa, 1993, c1993
Upplaga:9a edición
Serie:(Sepan Cuántos ; 124)
Ämnen:
Taggar: Lägg till en tagg
Inga taggar, Lägg till första taggen!

MARC

LEADER 00000nam^a2200000^a^4500
001 000165470
005 20250521000000.0
009 20260310101018.537
020 |a 968-432-287-9 
037 |a Acervo ITESO - Biblioteca 
041 |a ESP 
082 |a 082.  |b POR V. 124 
100 |a Aristóteles  |e (autor) 
240 1 1 |a [Lógica de Aristóteles] 
245 1 0 |a Tratados de lógica :  |b el Organon /  |c Aristóteles ; introd., pref. y notas de F. Larroyo. 
250 |a 9a edición 
264 4 |a México :  |b Porrúa,  |c 1993, c1993 
300 |a LIV, 387 p. 
336 |a texto  |b txt  |2 rdacontenido 
337 |a sin mediación  |b n  |2 rdamedio 
338 |a volumen  |b nc  |2 rdasoporte 
440 1 |a (Sepan Cuántos ;  |v 124) 
649 |a XX 
650 |a Razonamiento Lógico 
650 |a Lógica -  |x Tema Principal 
650 |a Escuela Aristotélica (Liceo) 
650 |a Socráticos 
650 |a Filosofía Griega 
650 |a Filosofía Clásica 
700 |a Larroyo, Francisco  |e (introducción, prefacio y notas) 
910 |a Fondo General 
920 |a Impresos - Libros 
930 |a Colección General 
940 |a Literatura 
905 |a 101 
901 |a 0500100286  |b IT1  |c LIT  |u 20250521 
902 |a https://opac.biblio.iteso.mx/vufind/Record/000165470